UBT Library

The American ProMISE a History Of The United Sattes (Record no. 50871)

000 -LEADER
fixed length control field 00329nam a22001337a 4500
008 - FIXED-LENGTH DATA ELEMENTS--GENERAL INFORMATION
fixed length control field 181024b xxu||||| |||| 00| 0 eng d
020 ## - INTERNATIONAL STANDARD BOOK NUMBER
International Standard Book Number 9780312569433
041 ## - LANGUAGE CODE
Language code of text/sound track or separate title eng
080 ## - UNIVERSAL DECIMAL CLASSIFICATION NUMBER
Universal Decimal Classification number 941
100 ## - Rafti
Rafti 16
101 ## - Shkurtesa
Shkurtesa HIS
245 ## - TITLE STATEMENT
Title The American ProMISE a History Of The United Sattes
Statement of responsibility, etc Johnson.P
942 ## - ADDED ENTRY ELEMENTS (KOHA)
Source of classification or shelving scheme
Item type Books
Holdings
Withdrawn status Lost status Source of classification or shelving scheme Damaged status Not for loan Collection code Permanent location Current location Shelving location Date acquired Total Checkouts Full call number Barcode Date last seen Price effective from Koha item type
          Koleksioni i lëndeve mesimore UBT - Lipjan UBT - Lipjan Koleksioni i përgjithshem 10/24/2018   941 POA 002-3016553 10/24/2018 10/24/2018 Books
UBT Library © 2015-2024. All rights reserved University Education for Business and Technology